000 00580nam a2200193Ia 4500
005 20260114185850.0
008 008 260114s9999 xx 000 0 eng d
020 _a9781472541574
037 _aEBOOK
040 _aCRL
_beng
_cCRL
041 _aeng
_2eng
084 _qCRL
100 _aFabio Rambelli and Eric Reinders
_9875356
245 0 _aBuddhism and Iconoclasm in East Asia A History
260 _bBloomsbury
_c2012
856 _uhttps://doi.org/10.5040/9781472541574?locatt=label:secondary_bloomsburyCollections
942 _cEBOOK
999 _c1474290
_d1474290